00599nam a2200205Ia 450000500170000000800460001703700110006304000080007404000080008204000080009004100080009804100080010608400080011410000420012224501090016426000090027330000100028265000230029270000780031520260430150705.0008 250103s9999 xx 000 0 eng d aTheses aCRL beng ceng 2eng aeng qCRL aMishra Sapana Au.; Yaruingam A.S. Gu. 0aTourism, Development and Environmental Challenges: A Comparative Study of Mauritius and Andaman-Nikobar c2024 a198p. aAfrican Literature aUniversity of Delhi. Faculty of Social Science. Deptt. of African Studies